01070 a2200193 45000010006000000050017000060080041000230030015000640400040000790800126001192450033002450200018002782640033002963000018003295050396003470410008007431000030007518560095007814122620260407155706.0260407a1997 arg spa dAR-UNSa-BCEJYS aAR-UNSa-BCEJYSbspacAR-UNSa-BCEJYS a347.9xDerecho procesal. Procedimiento judicial. Organización y personal al servicio de la administración de justicia10aEstudios de derecho procesal a950-894-086-7 1aBuenos Aires :bAD-HOCc1997 a94 p.c23 cm. a1. Bases tentativas para la formulación de un concepto unitario del concurso como proceso contencioso - 2. Régimen procesal común y régimen procesal concursal - 3. El Instituto de la "conversión" en la Ley concursal 24.522 (una perspectiva procesal) - 4. Notas que definen al régimen recursivo en la Ley de concursos 24.522 - 6. Cosa Juzgada común versus cosa juzgada concursal aspa1 aGonzález, Atilio Carlos41uhttps://biblioeco.unsa.edu.ar/pmb/images/libros/L126464.jpgyImagen de portadaqimage/jpeg